| 000 | 00344nam a2200133Ia 4500 | ||
|---|---|---|---|
| 008 | 200615s9999||||xx |||||||||||||| ||und|| | ||
| 020 | _a9788188458264 | ||
| 082 |
_a621.3 _bELE-J |
||
| 100 | _aJ.B.GUPTA | ||
| 245 | 0 | _aELECTRICAL MEASUREMENTS AND MEASURING INSTRUMENTS | |
| 250 | _a1ST | ||
| 260 |
_anew delhi _bKATSON BOOKS _c2017 |
||
| 942 | _cBK | ||
| 999 |
_c29277 _d29277 |
||